[Event "SB-2020-0-00601"]
[Site "LSS email"]
[Date "2020.09.15"]
[Round "?"]
[White "Rendakov, Nikolay"]
[Black "Ruano Casanova, Enrique"]
[Result "1/2-1/2"]
[WhiteElo "1818"]
[BlackElo "1809"]
[PlyCount "57"]
[EventDate "2020.07.09"]
[EventType "tourn (corr)"]
[EventRounds "6"]
[EventCountry "GER"]
[SourceTitle "Corr 2024"]
[Source "ChessBase"]
[SourceDate "2023.10.19"]
[SourceVersion "1"]
[SourceVersionDate "2023.10.19"]
[SourceQuality "1"]

1. c4 c5 2. b3 Nc6 3. e3 Nf6 4. Nc3 g6 5. Bb2 d6 6. Nge2 Bg7 7. Ne4 e6 8. Nxf6+ Bxf6 9. Bxf6 Qxf6 10. Nc3 b6 11. Bd3 Bb7 12. 0-0 Ne7 13. Ne4 Bxe4 14. Bxe4 d5 15. cxd5 exd5 16. Qf3 Qd6 17. Bd3 0-0 18. Rfd1 Rfd8 19. Bf1 Nc6 20. Bb5 Rac8 21. d4 Nb4 22. dxc5 Rxc5 23. Bf1 Rc2 24. Rdc1 Rb2 25. Rcb1 Rd2 26. Rd1 Rb2 27. Rdb1 Rd2 28. Rd1 Rb2 29. Rdb1 1/2-1/2

[Event "SB-2020-0-00601"]
[Site "LSS email"]
[Date "2020.09.07"]
[Round "?"]
[White "Sternik, Ryszard"]
[Black "Rendakov, Nikolay"]
[Result "0-1"]
[WhiteElo "1958"]
[BlackElo "1818"]
[PlyCount "84"]
[EventDate "2020.07.09"]
[EventType "tourn (corr)"]
[EventRounds "6"]
[EventCountry "GER"]
[SourceTitle "Corr 2024"]
[Source "ChessBase"]
[SourceDate "2023.10.19"]
[SourceVersion "1"]
[SourceVersionDate "2023.10.19"]
[SourceQuality "1"]

1. e4 c5 2. Nf3 d6 3. d4 Nf6 4. Nc3 cxd4 5. Nxd4 a6 6. Be3 e5 7. Nb3 Be6 8. f3 Nbd7 9. g4 b5 10. g5 Nh5 11. Qd2 Be7 12. 0-0-0 Nb6 13. Na5 Qc7 14. Rg1 0-0 15. Nd5 Nxd5 16. exd5 Bxd5 17. Qxd5 Qxa5 18. Kb1 Qc7 19. h4 g6 20. Bh3 Rfe8 21. Rge1 Bf8 22. a3 Rab8 23. Bg4 Nf4 24. Qd2 b4 25. axb4 Red8 26. Bxf4 exf4 27. Qxf4 a5 28. c3 axb4 29. cxb4 Bg7 30. Rd5 Ra8 31. Qd2 Rdb8 32. Re4 Qc6 33. b5 Qb7 34. Rb4 Qa7 35. f4 Qa1+ 36. Kc2 Qg1 37. Qd1 Qb6 38. Kb1 Qa5 39. Qd2 Rb7 40. b6 Qa2+ 41. Kc2 h5 42. gxh6 f5 0-1

[Event "SC-2020-0-00386"]
[Site "LSS email"]
[Date "2020.02.18"]
[Round "?"]
[White "Sofia, Gerardo"]
[Black "Rendakov, Nikolay"]
[Result "1/2-1/2"]
[WhiteElo "1672"]
[BlackElo "1752"]
[PlyCount "110"]
[EventDate "2019.12.06"]
[EventType "tourn (corr)"]
[EventRounds "6"]
[EventCountry "GER"]
[SourceTitle "Corr 2022"]
[Source "ChessBase"]
[SourceDate "2021.10.24"]
[SourceVersion "1"]
[SourceVersionDate "2021.10.24"]
[SourceQuality "1"]

1. d4 c6 2. e4 d5 3. e5 c5 4. c3 Nc6 5. Be3 Nh6 6. Nf3 Nf5 7. Bb5 e6 8. 0-0 Nxe3 9. fxe3 Be7 10. Nbd2 Qb6 11. Qb3 c4 12. Qa4 Bd7 13. b3 cxb3 14. Qxb3 0-0 15. Bd3 Na5 16. Qc2 h6 17. e4 Rac8 18. Rae1 Nc6 19. Qb3 Na5 20. Qc2 Qc6 21. Nb1 Qc7 22. exd5 exd5 23. g3 Bh3 24. Rf2 Qd7 25. e6 Bxe6 26. Ne5 Qe8 27. Ng6 fxg6 28. Rxe6 Rxf2 29. Qxf2 Qf7 30. Qxf7+ Kxf7 31. Re5 Nc4 32. Rxd5 Na3 33. Nxa3 Rxc3 34. Bc4 Bxa3 35. Rd7+ Ke8 36. Be6 Re3 37. d5 Re2 38. Rxb7 Rxa2 39. Rxg7 g5 40. Bd7+ Kf8 41. Rh7 Bc5+ 42. Kh1 a5 43. Rxh6 Ra1+ 44. Kg2 a4 45. Rc6 Rg1+ 46. Kf3 a3 47. Rxc5 a2 48. Ra5 a1Q 49. Rxa1 Rxa1 50. Kg4 Ke7 51. Bc6 Kf6 52. d6 Rd1 53. d7 Kg6 54. Be4+ Kf6 55. Bc6 Rd6 1/2-1/2

[Event "SC-2020-0-00386"]
[Site "LSS email"]
[Date "2020.02.17"]
[Round "?"]
[White "Stasilo, Tymoteusz"]
[Black "Rendakov, Nikolay"]
[Result "0-1"]
[WhiteElo "1610"]
[BlackElo "1752"]
[PlyCount "84"]
[EventDate "2019.12.06"]
[EventType "tourn (corr)"]
[EventRounds "6"]
[EventCountry "GER"]
[SourceTitle "Corr 2022"]
[Source "ChessBase"]
[SourceDate "2021.10.24"]
[SourceVersion "1"]
[SourceVersionDate "2021.10.24"]
[SourceQuality "1"]

1. Nf3 g6 2. g3 c5 3. c4 Bg7 4. Nc3 Nc6 5. Bg2 d6 6. 0-0 Rb8 7. e3 Nh6 8. d4 cxd4 9. exd4 Bg4 10. d5 Ne5 11. Bf4 0-0 12. Bxe5 dxe5 13. Qd2 Qc7 14. b3 Rbd8 15. Rae1 Bd7 16. a4 f6 17. Ne4 b6 18. h4 f5 19. Neg5 Ng4 20. Nh2 Nf6 21. Nhf3 Nh5 22. Qe3 h6 23. Nh3 e4 24. Nd4 Kh7 25. Rd1 Be5 26. Rfe1 Bd6 27. Qe2 a6 28. Qe3 Bb4 29. Rf1 f4 30. Nxf4 Nxf4 31. gxf4 Rxf4 32. a5 bxa5 33. Qg3 Bd6 34. Ne6 Bxe6 35. dxe6 Rdf8 36. Rd5 h5 37. Qe3 Rg4 38. Rfd1 Rf3 39. Qe2 Bc5 40. Rxc5 Qxc5 41. Kf1 Rff4 42. Kg1 Qb6 0-1

[Event "SD-2018-0-00286"]
[Site "LSS email"]
[Date "2018.03.11"]
[Round "?"]
[White "Rendakov, Nikolay"]
[Black "Helmbrecht, John R"]
[Result "1-0"]
[WhiteElo "1666"]
[BlackElo "1373"]
[PlyCount "51"]
[EventDate "2017.11.11"]
[EventType "tourn (corr)"]
[EventRounds "6"]
[EventCountry "GER"]
[SourceTitle "Corr 2022"]
[Source "ChessBase"]
[SourceDate "2021.10.24"]
[SourceVersion "1"]
[SourceVersionDate "2021.10.24"]
[SourceQuality "1"]

1. e4 e5 2. Nf3 Nc6 3. c3 d5 4. Qa4 f6 5. d3 Nge7 6. Nbd2 Be6 7. d4 exd4 8. Nxd4 Bd7 9. Be2 Nxd4 10. Qxd4 dxe4 11. Nxe4 Bf5 12. Qe3 Qd5 13. Bh5+ Bg6 14. Bf3 Bxe4 15. Bxe4 Qb5 16. a4 Qa6 17. b4 0-0-0 18. b5 Qb6 19. Qf3 c6 20. Rb1 Nd5 21. 0-0 Qc5 22. c4 Nb6 23. Be3 Qxc4 24. bxc6 bxc6 25. Rfc1 Qxa4 26. Bxc6 1-0

[Event "SE-2017-0-00260"]
[Site "LSS email"]
[Date "2017.10.13"]
[Round "?"]
[White "Rendakov, Nikolay"]
[Black "Endean, Andrew"]
[Result "1-0"]
[WhiteElo "1666"]
[BlackElo "1453"]
[PlyCount "43"]
[EventDate "2017.09.03"]
[EventType "tourn (corr)"]
[EventRounds "6"]
[EventCountry "GER"]
[SourceTitle "Corr 2022"]
[Source "ChessBase"]
[SourceDate "2021.10.24"]
[SourceVersion "1"]
[SourceVersionDate "2021.10.24"]
[SourceQuality "1"]

1. Nf3 Nf6 2. e3 d5 3. d4 e6 4. c4 c5 5. cxd5 exd5 6. Bb5+ Bd7 7. Bxd7+ Nbxd7 8. dxc5 Nxc5 9. Nc3 Be7 10. 0-0 0-0 11. b3 a6 12. Ne2 Rc8 13. Bb2 Qb6 14. Nfd4 Ne6 15. Nf5 Qd8 16. Rc1 Qd7 17. Neg3 Rfd8 18. Nxe7+ Qxe7 19. Nf5 Qf8 20. Bxf6 gxf6 21. Qg4+ Ng7 22. Rxc8 1-0

[Event "LSS OP-2009-0-01015"]
[Site "LSS email"]
[Date "2010.01.13"]
[Round "?"]
[White "Rendakov, Nikolay"]
[Black "Peled, Shai"]
[Result "1-0"]
[WhiteElo "1000"]
[BlackElo "1820"]
[PlyCount "29"]
[EventDate "2009.12.02"]
[EventType "tourn (corr)"]
[EventRounds "4"]
[EventCountry "GER"]
[SourceTitle "Corr 2013"]
[Source "ChessBase"]
[SourceDate "2012.11.12"]
[SourceVersion "1"]
[SourceVersionDate "2012.11.12"]
[SourceQuality "1"]

1. b3 e5 2. e3 d5 3. Bb2 Nc6 4. Bb5 a6 5. Bxc6+ bxc6 6. Bxe5 Nf6 7. Nc3 Ba3 8. Qf3 Be7 9. Nge2 0-0 10. 0-0 Re8 11. d3 h6 12. e4 Bg4 13. Qf4 g5 14. Qe3 Bxe2 15. Qxe2 1-0

[Event "LSS OP-2009-0-01015"]
[Site "LSS email"]
[Date "2009.12.06"]
[Round "?"]
[White "Kepinski, Janusz"]
[Black "Rendakov, Nikolay"]
[Result "0-1"]
[WhiteElo "1555"]
[BlackElo "1000"]
[PlyCount "62"]
[EventDate "2009.12.02"]
[EventType "tourn (corr)"]
[EventRounds "4"]
[EventCountry "GER"]
[SourceTitle "Corr 2013"]
[Source "ChessBase"]
[SourceDate "2012.11.12"]
[SourceVersion "1"]
[SourceVersionDate "2012.11.12"]
[SourceQuality "1"]

1. Nf3 c5 2. b3 Nf6 3. Bb2 d6 4. c4 e5 5. e3 Be7 6. Nc3 Bf5 7. Nh4 Be6 8. Be2 e4 9. g3 0-0 10. Qc2 Nc6 11. 0-0-0 Nb4 12. Qb1 d5 13. cxd5 Bg4 14. Bxg4 Nxg4 15. Rdf1 Nxf2 16. Rxf2 Nd3+ 17. Kc2 Nxf2 18. Rf1 Bxh4 19. gxh4 Nd3 20. Nxe4 Nxb2 21. Qxb2 Qxh4 22. Rf4 Qxh2 23. Nf6+ Kh8 24. Nd7 Rfe8 25. Qc3 Qg2 26. Qd3 b6 27. Rxf7 Rxe3 28. Qxe3 Qg6+ 29. Kb2 Qxf7 30. Qe6 Qxe6 31. dxe6 Re8 0-1

[Event "LSS OP-2009-0-01015"]
[Site "LSS email"]
[Date "2009.12.06"]
[Round "?"]
[White "Rendakov, Nikolay"]
[Black "Henke, Simon"]
[Result "1/2-1/2"]
[WhiteElo "1000"]
[BlackElo "1627"]
[PlyCount "94"]
[EventDate "2009.12.02"]
[EventType "tourn (corr)"]
[EventRounds "4"]
[EventCountry "GER"]
[SourceTitle "Corr 2013"]
[Source "ChessBase"]
[SourceDate "2012.11.12"]
[SourceVersion "1"]
[SourceVersionDate "2012.11.12"]
[SourceQuality "1"]

1. b3 e5 2. e3 d5 3. Bb2 Nc6 4. Bb5 Bd6 5. f4 f6 6. fxe5 fxe5 7. Nf3 Qe7 8. Bxc6+ bxc6 9. Nxe5 Qh4+ 10. g3 Qh3 11. Qf3 Nf6 12. Qf1 Qh5 13. Qf3 Ng4 14. Nd3 Qh3 15. Nf4 0-0 16. Nc3 Bxf4 17. exf4 Re8+ 18. Ne2 Ba6 19. d3 Re3 20. Qf1 Qxf1+ 21. Kxf1 Rae8 22. Ng1 c5 23. h3 Nf6 24. Bxf6 gxf6 25. Kf2 d4 26. Rh2 Bb7 27. g4 Kf7 28. h4 h5 29. gxh5 Kg7 30. Rd1 Kh6 31. Rd2 Kxh5 32. a3 a5 33. Re2 Kg4 34. Kf1 Rxe2 35. Nxe2 Rh8 36. Kf2 Rxh4 37. Rxh4+ Kxh4 38. c3 Kg4 39. cxd4 cxd4 40. Nxd4 Kxf4 41. Ne6+ Ke5 42. Nxc7 Bc6 43. Na6 Kd4 44. b4 axb4 45. Nxb4 Bb5 46. Ke2 f5 47. Kf3 Bxd3 1/2-1/2